00491nam a2200157 a 4500008004100000020002200041110006800063245004800131260002700179300003900206500003800245650002300283003000100306005001700307040000900324  a923103880X (pbk.)0 aUnited Nations Edutional, Scientific and Cultural Organization 10aEducation for All:bIS THE WORLD ON TRACK?. aParis :bUNESCO,c2002 a310 p. :bill.(some col.) ;c28 cm aEFA Global Monitoring Report 2002 1aEducationxFor all20230123134211.0 cNUST